| 000 -LEADER |
| fixed length control field |
00998cam a2200241 a 4500 |
| 001 - CONTROL NUMBER |
| control field |
17503279 |
| 003 - CONTROL NUMBER IDENTIFIER |
| control field |
OSt |
| 005 - DATE AND TIME OF LATEST TRANSACTION |
| control field |
20230913084410.0 |
| 008 - FIXED-LENGTH DATA ELEMENTS--GENERAL INFORMATION |
| fixed length control field |
120807s2012 enk 000 0 eng |
| 010 ## - LIBRARY OF CONGRESS CONTROL NUMBER |
| LC control number |
2012515250 |
| 020 ## - INTERNATIONAL STANDARD BOOK NUMBER |
| International Standard Book Number |
9781408173350 (pbk.) |
| 040 ## - CATALOGING SOURCE |
| Original cataloging agency |
DLC |
| Transcribing agency |
DLC |
| Modifying agency |
KH8 |
| 042 ## - AUTHENTICATION CODE |
| Authentication code |
pcc |
| 082 ## - DEWEY DECIMAL CLASSIFICATION NUMBER |
| Classification number |
823.92 HAD |
| 100 1# - MAIN ENTRY--PERSONAL NAME |
| Personal name |
Stephens, Simon, |
| Dates associated with a name |
1971- |
| 245 14 - TITLE STATEMENT |
| Title |
The curious incident of the dog in the night-time / |
| Statement of responsibility, etc. |
Simon Stephens ; adapted from the novel by Mark Haddon. |
| 260 ## - PUBLICATION, DISTRIBUTION, ETC. |
| Place of publication, distribution, etc. |
London : |
| Name of publisher, distributor, etc. |
Methuen Drama, |
| Date of publication, distribution, etc. |
2012. |
| 300 ## - PHYSICAL DESCRIPTION |
| Extent |
106 p. ; |
| Dimensions |
20 cm. |
| 520 8# - SUMMARY, ETC. |
| Summary, etc. |
Christopher, stands beside Mrs Shears's dead dog. It has been speared with a garden fork, it is seven minutes after midnight, and Christopher is under suspicion. He records each fact in the book he is writing to solve the mystery of who murdered Wellington. |
| 650 #0 - SUBJECT ADDED ENTRY--TOPICAL TERM |
| Topical term or geographic name entry element |
Detective and mystery plays, English. |
| 700 1# - ADDED ENTRY--PERSONAL NAME |
| Personal name |
Haddon, Mark, |
| Dates associated with a name |
1962- |
| Title of a work |
Curious incident of the dog in the night-time. |
| 942 ## - ADDED ENTRY ELEMENTS (KOHA) |
| Source of classification or shelving scheme |
|
| Koha item type |
Teaching Resources |